000
00268nam a2200109Ia 4500
008
171205s9999 xx 000 0 und d
020
_a
9716010060
100
_a
Diaz, Celia Laurel.
245
_c
Laurel, Celia Diaz.
_a
Doy Laurel
260
_c
2005
300
_a
337 pages
999
_c
347379
_d
347379